[Event "EU-ch Amateur U2000"]
[Site "Zagreb"]
[Date "2022.08.20"]
[Round "8"]
[White "Deris, Antun"]
[Black "Jaklin, Damir"]
[Result "1/2-1/2"]
[WhiteElo "1811"]
[BlackElo "1893"]
[PlyCount "37"]
[EventDate "2022.08.14"]
[EventType "swiss"]
[EventRounds "9"]
[EventCountry "CRO"]
[SourceTitle "CBM 210 Extra"]
[Source "ChessBase"]
[SourceDate "2022.11.30"]
[SourceVersion "1"]
[SourceVersionDate "2022.11.30"]
[SourceQuality "1"]

1. e4 c5 2. Nf3 d6 3. d4 cxd4 4. Nxd4 Nf6 5. Nc3 Nc6 6. Bg5 e6 7. Qd2 Be7 8. 0-0-0 Nxd4 9. Qxd4 0-0 10. f4 Qa5 11. Be2 h6 12. Bh4 e5 13. Qa4 Qxa4 14. Nxa4 exf4 15. Bxf6 Bxf6 16. Rxd6 Be6 17. Nc5 Be7 18. Nxe6 Bxd6 19. Nxf8 1/2-1/2

[Event "EU-ch Amateur U2000"]
[Site "Zagreb"]
[Date "2022.08.18"]
[Round "6"]
[White "Deris, Antun"]
[Black "Nagy, Laszlo3333"]
[Result "1-0"]
[WhiteElo "1811"]
[BlackElo "1923"]
[PlyCount "81"]
[EventDate "2022.08.14"]
[EventType "swiss"]
[EventRounds "9"]
[EventCountry "CRO"]
[SourceTitle "CBM 210 Extra"]
[Source "ChessBase"]
[SourceDate "2022.11.30"]
[SourceVersion "1"]
[SourceVersionDate "2022.11.30"]
[SourceQuality "1"]

1. e4 c5 2. Nf3 d6 3. d4 cxd4 4. Nxd4 Nf6 5. Nc3 a6 6. a4 e5 7. Nf3 Qc7 8. Bg5 Nbd7 9. Be2 b6 10. 0-0 Bb7 11. Nd2 Be7 12. Kh1 0-0 13. f3 Rfe8 14. Nc4 Rac8 15. Ne3 g6 16. Bc4 d5 17. exd5 Bc5 18. Bb3 Bd4 19. Ne4 Nh5 20. Nc4 Bc5 21. c3 Kg7 22. Be3 b5 23. d6 Qd8 24. Nxc5 Rxc5 25. Bxc5 bxc4 26. Bxc4 Nxc5 27. b4 Nd7 28. Bd5 Qa8 29. Bxb7 Qxb7 30. Qd2 Nf4 31. c4 Ne6 32. c5 a5 33. Rfc1 Nd4 34. b5 Nxc5 35. Rxc5 Nb3 36. Rc7 Qb6 37. Qd5 Nxa1 38. Qxf7+ Kh6 39. h4 Rh8 40. Qg7+ Kh5 41. Qxh7+ 1-0

[Event "EU-ch Amateur U2000"]
[Site "Zagreb"]
[Date "2022.08.16"]
[Round "4"]
[White "Deris, Antun"]
[Black "Martinovic, Josip"]
[Result "1-0"]
[WhiteElo "1811"]
[BlackElo "1707"]
[PlyCount "33"]
[EventDate "2022.08.14"]
[EventType "swiss"]
[EventRounds "9"]
[EventCountry "CRO"]
[SourceTitle "CBM 210 Extra"]
[Source "ChessBase"]
[SourceDate "2022.11.30"]
[SourceVersion "1"]
[SourceVersionDate "2022.11.30"]
[SourceQuality "1"]

1. e4 e6 2. Nc3 d5 3. exd5 exd5 4. d4 Be6 5. Nf3 Nc6 6. Be2 Bd6 7. 0-0 Nge7 8. Re1 Qd7 9. a3 f6 10. Nb5 0-0-0 11. b4 g5 12. Nxd6+ Qxd6 13. b5 Na5 14. Bd2 Qb6 15. Bb4 Bf5 16. Bxe7 Rde8 17. Bd3 1-0

[Event "EU-ch Amateur U2000"]
[Site "Zagreb"]
[Date "2022.08.16"]
[Round "3"]
[White "Urbanc, Suzana"]
[Black "Deris, Antun"]
[Result "0-1"]
[WhiteElo "1686"]
[BlackElo "1811"]
[PlyCount "88"]
[EventDate "2022.08.14"]
[EventType "swiss"]
[EventRounds "9"]
[EventCountry "CRO"]
[SourceTitle "CBM 210 Extra"]
[Source "ChessBase"]
[SourceDate "2022.11.30"]
[SourceVersion "1"]
[SourceVersionDate "2022.11.30"]
[SourceQuality "1"]

1. d4 d5 2. e3 Nf6 3. f4 Bf5 4. Nf3 e6 5. c3 a6 6. Bd3 Ne4 7. 0-0 c5 8. Bc2 Nc6 9. Nbd2 cxd4 10. exd4 Nd6 11. Ne5 h5 12. a4 Rc8 13. Ndf3 Be7 14. Nxc6 bxc6 15. a5 Bxc2 16. Qxc2 Nf5 17. Qd3 Ra8 18. b4 Qb8 19. Ne5 Qc7 20. g3 Bf6 21. Qe2 Nd6 22. Bd2 g6 23. Rae1 Ne4 24. Qd3 Kf8 25. Rxe4 dxe4 26. Qxe4 Rc8 27. Bc1 Kg7 28. Qe2 Qb7 29. Bd2 Rcd8 30. Qf3 Rd5 31. Be3 Rc8 32. h3 Rdd8 33. g4 hxg4 34. hxg4 Rf8 35. f5 exf5 36. gxf5 Qe7 37. Nxc6 Rxc6 38. Qxc6 Qxe3+ 39. Kg2 Qg5+ 40. Kf3 Qxf5+ 41. Kg2 Qg4+ 42. Kf2 Rh8 43. Ke3 Rh3+ 44. Kd2 Bg5+ 0-1

[Event "Krk Golden Island op"]
[Site "Malinska"]
[Date "2020.11.06"]
[Round "3"]
[White "Deris, Antun"]
[Black "Balen, Teo"]
[Result "0-1"]
[WhiteElo "1898"]
[BlackElo "2001"]
[PlyCount "70"]
[EventDate "2020.11.05"]
[EventType "swiss"]
[EventRounds "5"]
[EventCountry "CRO"]
[SourceTitle "CBM 199 Extra"]
[Source "ChessBase"]
[SourceDate "2021.01.31"]
[SourceVersion "1"]
[SourceVersionDate "2021.01.31"]
[SourceQuality "1"]

1. e4 c5 2. Nf3 Nc6 3. d4 cxd4 4. Nxd4 Nf6 5. Nc3 e6 6. Nxc6 bxc6 7. Bd3 e5 8. 0-0 Be7 9. Kh1 0-0 10. f4 Qc7 11. fxe5 Qxe5 12. Rf5 Qe6 13. e5 Nd5 14. Nxd5 cxd5 15. Qe2 d6 16. Bd2 g6 17. Raf1 gxf5 18. Bxf5 Qxf5 19. Rxf5 Bxf5 20. Qf3 Bg6 21. exd6 Bxd6 22. Qf6 Rfd8 23. Bc3 Kf8 24. h4 h5 25. Ba5 Ke8 26. Qd4 Be7 27. Qh8+ Kd7 28. Qe5 Be4 29. c4 Rg8 30. Qc7+ Ke6 31. Qc6+ Ke5 32. Kg1 Rxg2+ 33. Kf1 Rag8 34. cxd5 Bd3+ 35. Ke1 Re2+ 0-1

[Event "Zagreb Damjanovic Memorial 3rd"]
[Site "Zagreb"]
[Date "2019.11.15"]
[Round "7"]
[White "Hecimovic, Ivan"]
[Black "Deris, Antun"]
[Result "1/2-1/2"]
[WhiteElo "2017"]
[BlackElo "1897"]
[PlyCount "29"]
[EventDate "2019.11.09"]
[EventType "swiss"]
[EventRounds "9"]
[EventCountry "CRO"]
[SourceTitle "CBM 193 Extra"]
[Source "ChessBase"]
[SourceDate "2020.01.31"]
[SourceVersion "1"]
[SourceVersionDate "2020.01.31"]
[SourceQuality "1"]

1. d4 Nf6 2. Nf3 e6 3. Bg5 d5 4. e3 h6 5. Bh4 Nbd7 6. Bd3 Be7 7. Nbd2 c5 8. c3 Qc7 9. 0-0 0-0 10. e4 dxe4 11. Nxe4 b6 12. Qe2 Bb7 13. Bg3 Qc6 14. Nxf6+ Nxf6 15. Rfe1 1/2-1/2

[Event "CRO-ch Seniors"]
[Site "Malinska"]
[Date "2018.11.09"]
[Round "7"]
[White "Dusper, Hrvoje"]
[Black "Deris, Antun"]
[Result "1-0"]
[WhiteElo "2201"]
[BlackElo "1979"]
[PlyCount "61"]
[EventDate "2018.11.04"]
[EventType "swiss"]
[EventRounds "7"]
[EventCountry "CRO"]
[SourceTitle "CBM 187 Extra"]
[Source "ChessBase"]
[SourceDate "2018.11.04"]
[SourceVersion "1"]
[SourceVersionDate "2018.11.04"]
[SourceQuality "1"]

1. e4 d5 2. exd5 Qxd5 3. Nc3 Qa5 4. d4 c6 5. Nf3 Nf6 6. Ne5 Bf5 7. g4 Bg6 8. h4 h5 9. Nxg6 fxg6 10. Qd3 Kf7 11. g5 Nd5 12. Qf3+ Ke8 13. Bd3 Nd7 14. Bxg6+ Kd8 15. Bd2 Nxc3 16. Bxc3 Qd5 17. Qxd5 cxd5 18. Bf7 Kc7 19. Bxd5 Nb6 20. Be6 Kd6 21. d5 Nxd5 22. Bxd5 Kxd5 23. 0-0-0+ Kc6 24. Rhe1 Re8 25. Re6+ Kc7 26. Be5+ Kc8 27. f4 Rd8 28. Rxd8+ Kxd8 29. f5 Kd7 30. g6 Rg8 31. c4 1-0

[Event "CRO-ch Seniors"]
[Site "Malinska"]
[Date "2018.11.07"]
[Round "5"]
[White "Deris, Antun"]
[Black "Brigljevic, Milan"]
[Result "1/2-1/2"]
[WhiteElo "1979"]
[BlackElo "2161"]
[PlyCount "135"]
[EventDate "2018.11.04"]
[EventType "swiss"]
[EventRounds "7"]
[EventCountry "CRO"]
[SourceTitle "CBM 187 Extra"]
[Source "ChessBase"]
[SourceDate "2018.11.04"]
[SourceVersion "1"]
[SourceVersionDate "2018.11.04"]
[SourceQuality "1"]

1. e4 c5 2. Nf3 e6 3. d4 cxd4 4. Nxd4 Nf6 5. Nc3 d6 6. Be2 Be7 7. Be3 Nc6 8. Qd2 0-0 9. 0-0-0 d5 10. exd5 Nxd5 11. Nxd5 Qxd5 12. Kb1 Nb4 13. Nb3 Qxd2 14. Rxd2 Nd5 15. Bc5 Bxc5 16. Nxc5 b6 17. Ne4 Bb7 18. Bf3 Rfd8 19. Rhd1 Rac8 20. Rd4 b5 21. Be2 a6 22. c4 bxc4 23. Bxc4 Kf8 24. f3 Ke7 25. Bxd5 Rxd5 26. Nc3 Rxd4 27. Rxd4 a5 28. Rd2 h5 29. Kc2 h4 30. f4 Rc5 31. Kd3 g5 32. g3 hxg3 33. hxg3 Rf5 34. Ke3 e5 35. Rf2 exf4+ 36. gxf4 g4 37. Ne2 Rh5 38. f5 Rh3+ 39. Kf4 Rf3+ 40. Rxf3 gxf3 41. Ng3 Kd6 42. Ke3 Ke5 43. Nf1 Kxf5 44. Nh2 Bd5 45. b3 f2 46. Kxf2 Ke4 47. Ke2 Kd4 48. Kd2 f5 49. Nf1 f4 50. Nh2 Bc6 51. Ng4 Bd7 52. Nf2 Be6 53. Nd3 f3 54. Nf2 Bf5 55. Nd1 Bb1 56. a3 Bd3 57. Nf2 Bf5 58. Nd1 Bd7 59. Nf2 Be6 60. b4 a4 61. Nd3 Bc4 62. Nf2 Bb5 63. Nd1 Bd7 64. Nf2 Kc4 65. Nd3 Kb3 66. Ke3 Kxa3 67. Kxf3 Bb5 68. Nc5 1/2-1/2

[Event "Zagreb Damjanovic Memorial 2nd"]
[Site "Zagreb"]
[Date "2018.07.19"]
[Round "4"]
[White "Urbanc, Peter"]
[Black "Deris, Antun"]
[Result "1-0"]
[WhiteElo "2269"]
[BlackElo "1991"]
[PlyCount "120"]
[EventDate "2018.07.16"]
[EventType "swiss"]
[EventRounds "9"]
[EventCountry "CRO"]
[SourceTitle "EXT 2019"]
[Source "ChessBase"]
[SourceDate "2018.10.10"]
[SourceVersion "1"]
[SourceVersionDate "2018.10.10"]
[SourceQuality "1"]

1. d4 Nf6 2. e3 e6 3. f4 c5 4. Nf3 b6 5. Bd3 Ba6 6. 0-0 Bxd3 7. Qxd3 d5 8. Nbd2 c4 9. Qe2 Be7 10. e4 Nxe4 11. Nxe4 dxe4 12. Qxe4 Nd7 13. Bd2 0-0 14. Rae1 Nf6 15. Qe2 Nd5 16. Qxc4 Rc8 17. Qd3 Qc7 18. c3 Nxf4 19. Bxf4 Qxf4 20. Ne5 Qh6 21. Re3 f5 22. Rh3 Qg5 23. Rg3 Qh5 24. Rh3 Qe8 25. Qe2 Bf6 26. Re1 Rc7 27. Nc4 Qc6 28. b3 Re8 29. a4 Rce7 30. Re3 Qd5 31. Kf1 Qc6 32. Qf3 Qc7 33. Kg1 a6 34. Ne5 Rc8 35. c4 Qd6 36. Rd3 Rec7 37. Re2 Qa3 38. Qe3 Rd8 39. Kf2 Qd6 40. c5 bxc5 41. dxc5 Qxd3 42. Nxd3 Bd4 43. b4 Bxe3+ 44. Kxe3 Kf7 45. Rc2 Rb8 46. Kd4 Kf6 47. Kc4 e5 48. b5 axb5+ 49. axb5 Rd7 50. c6 Rd4+ 51. Kc3 Rd6 52. c7 Rc8 53. Kb4 Rxd3 54. b6 Rd6 55. Kb5 Rxb6+ 56. Kxb6 e4 57. Kb7 Rxc7+ 58. Kxc7 Ke5 59. Rc5+ Kf4 60. Kd6 g6 1-0

[Event "Zagreb Hulak Memorial op 2nd"]
[Site "Zagreb"]
[Date "2017.11.30"]
[Round "1"]
[White "Cvitan, Ognjen"]
[Black "Deris, Antun"]
[Result "1-0"]
[WhiteElo "2481"]
[BlackElo "1999"]
[PlyCount "62"]
[EventDate "2017.11.30"]
[EventType "swiss"]
[EventRounds "9"]
[EventCountry "CRO"]
[SourceTitle "EXT 2019"]
[Source "ChessBase"]
[SourceDate "2018.10.10"]
[SourceVersion "1"]
[SourceVersionDate "2018.10.10"]
[SourceQuality "1"]

1. d4 Nf6 2. c4 e6 3. Nc3 Bb4 4. e3 0-0 5. Bd3 d5 6. Nf3 Nbd7 7. 0-0 Bxc3 8. bxc3 c5 9. Bb2 Qc7 10. cxd5 exd5 11. Nd2 c4 12. Bc2 Re8 13. Re1 Nf8 14. f3 Bd7 15. a4 Ng6 16. Ba3 a6 17. e4 dxe4 18. fxe4 Bg4 19. Qc1 Nf4 20. e5 N6d5 21. Ne4 Qc6 22. Qd2 Re6 23. Nd6 Rg6 24. Be4 Nxg2 25. Bxg6 Bf3 26. Bxf7+ Kh8 27. Bxd5 Qxd5 28. Rf1 Nh4 29. Qf4 g5 30. Nf7+ Kg8 31. Nh6+ Kg7 1-0

[Event "CRO-chT4 Center-A"]
[Site "Zagreb"]
[Date "2011.04.03"]
[Round "4.11"]
[White "Zecevic, Dean"]
[Black "Deris, Antun"]
[Result "1-0"]
[WhiteElo "2215"]
[BlackElo "2061"]
[PlyCount "49"]
[EventDate "2011.03.13"]
[EventType "team-tourn"]
[EventRounds "7"]
[EventCountry "CRO"]
[SourceTitle "EXT 2014"]
[Source "ChessBase"]
[SourceDate "2013.11.20"]
[SourceVersion "1"]
[SourceVersionDate "2013.11.20"]
[SourceQuality "1"]

1. e4 c5 2. Nf3 e6 3. d4 cxd4 4. Nxd4 a6 5. Nc3 b5 6. Bd3 Qc7 7. 0-0 Nf6 8. Kh1 Be7 9. f4 Bb7 10. Qe2 Nc6 11. Be3 Na5 12. e5 Nd5 13. Nxd5 Bxd5 14. b3 Nc6 15. c4 bxc4 16. bxc4 Nxd4 17. Bxd4 Bb7 18. Rab1 0-0 19. f5 exf5 20. Rxf5 Rab8 21. Rbf1 g6 22. Qg4 Bc8 23. Qf4 d6 24. Rxf7 Be6 25. Rg7+ 1-0

[Event "CRO-chT4 Center-A"]
[Site "Zagreb"]
[Date "2011.03.13"]
[Round "1.51"]
[White "Starcevic, Kresimir"]
[Black "Deris, Antun"]
[Result "1/2-1/2"]
[WhiteElo "2151"]
[BlackElo "2061"]
[PlyCount "79"]
[EventDate "2011.03.13"]
[EventType "team-tourn"]
[EventRounds "7"]
[EventCountry "CRO"]
[SourceTitle "EXT 2014"]
[Source "ChessBase"]
[SourceDate "2013.11.20"]
[SourceVersion "1"]
[SourceVersionDate "2013.11.20"]
[SourceQuality "1"]

1. e4 c5 2. Nf3 e6 3. Nc3 a6 4. d4 cxd4 5. Nxd4 Qc7 6. Bd3 Nf6 7. 0-0 b5 8. Qe2 Nc6 9. Nxc6 dxc6 10. e5 Nd5 11. a4 b4 12. Nxd5 cxd5 13. c4 bxc3 14. bxc3 Bc5 15. Re1 Bb7 16. Rb1 Qc6 17. Qg4 g6 18. Bh6 0-0-0 19. a5 Rd7 20. c4 d4 21. Be4 Qa4 22. Bxb7+ Rxb7 23. Rxb7 Kxb7 24. Qf3+ Kc7 25. Rb1 Qc6 26. Qxf7+ Kc8 27. Bg7 Rd8 28. Bf6 Qd7 29. Qxd7+ Rxd7 30. Kf1 d3 31. Bg5 Rd4 32. Be3 Rxc4 33. Bxc5 Rxc5 34. Rd1 Rxe5 35. Rxd3 Rxa5 36. Rd6 e5 37. h4 Kc7 38. Re6 Kd7 39. Rb6 Ra2 40. h5 1/2-1/2